O novo computador da bruxa Mimi (Registo nº 4480)

Detalhes MARC
000 -Etiqueta do registo
Cabeçalho 00766nam0a2200265 4500
005 - Identificador da versão
Campo de controlo 20240813122103.0
010 ## - Número internacional normalizado dos livros (ISBN)
Número (ISBN) 9726629624
021 ## - Número do Depósito Legal
Código do país PT
Número 209064/2004
100 ## - Dados gerais de processamento
Dados gerais de processamento 20170302d2004 c y0pory5003 ba
102 ## - Pais de publicação ou produção
País de publicação Portugal
101 1# - Língua de publicação
Língua do texto, banda sonora, etc. Português
Língua do documento no original Inglês
215 ## - Descrição física 
Indicação específica da natureza do documento e extensão da espécie [26] p.
Outras indicações físicas il
200 1# - Titulo e menção de responsabilidade
Título próprio O novo computador da bruxa Mimi
Primeira menção de responsabilidade Valerie Thomas
Outras menções de responsabilidade il. Korky Paul
-- trad. Gonçalo Terra
225 1# - Colecção 
Título próprio da colecção Gradiva júnior
210 ## - Publicação, Distribuição, etc. 
Lugar da edição, distribuição, etc. Lisboa
Nome do editor, distribuidor, etc. Gradiva
Data da publicação, distribuição, etc. 2004
606 ## - Nome comum usado como assunto
Número de registo de entrada de autoridade 0001374
Palavra de ordem Literatura inglesa
Subdivisão de assunto Conto
Código do sistema CA
675 ## - Classificação Decimal Universal (CDU)
Notação 821.111-34
Edição 3ª ed.
Língua da edição por
702 #1 - Nome de autor-pessoa física (responsabilidade secundária)
Número de registo de entrada de autoridade 0001329
Palavra de ordem Korky
Outra parte do nome não tomada para palavra de ordem Paul
Código de função Ilustrador / Técnico de desenho computorizado
Número de registo de entrada de autoridade 0000864
Palavra de ordem Terra
Outra parte do nome não tomada para palavra de ordem Gonçalo
Código de função Tradutor
700 #1 - Nome de autor-pessoa física (responsabilidade principal)
Número de registo de entrada de autoridade 0000862
Palavra de ordem Thomas
Outra parte do nome não tomada para palavra de ordem Valerie
966 ## - Identificação da Biblioteca
Sigla EBVEN
942 ## - Elementos de entrada adicionados (Koha)
Tipo de item no Koha Livro
Exemplares
Situação do levantamento Origin of item (home branch) (coded) Biblioteca de empréstimo Código de barras Cota Circulation type (not for loan) Tipo de documento Nota do exemplar Damaged status
  Biblioteca Escolar das Vendas Biblioteca Escolar das Vendas BEV1572 8EST THO   Livro Sem mensagem